Farmárske predajne nasadili latku aj tempo vysoko

Predajne s farmárskymi potravinami v poslednom čase rastú ako huby po daždi. ani zďaleka nejde len o bratislavský trend. O poctivé výrobky z produkcie malých domácich výrobcov je záujem vo všetkých regiónoch Slovenska.

Salvato in:
Dettagli Bibliografici
Autore principale: Mišíková, Veronika
Natura: Capitolo di libro
Lingua:slovacco
Soggetti:
Tags: Aggiungi Tag
Nessun Tag, puoi essere il primo ad aggiungerne!!

MARC

LEADER 00000naa a2200000 4500
001 0190697
005 20231011070034.3
041 0 |a slo 
044 |a CZ 
245 1 0 |a Farmárske predajne nasadili latku aj tempo vysoko  |c Veronika Mišíková 
520 |a Predajne s farmárskymi potravinami v poslednom čase rastú ako huby po daždi. ani zďaleka nejde len o bratislavský trend. O poctivé výrobky z produkcie malých domácich výrobcov je záujem vo všetkých regiónoch Slovenska. 
610 2 0 |a farmy 
610 2 0 |a výrobky domáce 
610 2 0 |a predajne 
610 2 0 |a sortiment 
610 2 0 |a ceny 
610 2 0 |a Slovensko 
100 1 |a Mišíková, Veronika